<?xml version="1.0" encoding="UTF-8"?><marc:collection xmlns:marc="http://www.loc.gov/MARC21/slim">
  <marc:record>
    <marc:leader>02349cam a2200481 c 4500</marc:leader>
    <marc:controlfield tag="001">075354152</marc:controlfield>
    <marc:controlfield tag="003">DE-627</marc:controlfield>
    <marc:controlfield tag="005">20240328205354.0</marc:controlfield>
    <marc:controlfield tag="007">tu</marc:controlfield>
    <marc:controlfield tag="008">020501s1981    gw |||||      00| ||ger c</marc:controlfield>
    <marc:datafield tag="020" ind1=" " ind2=" ">
      <marc:subfield code="a">3492024858</marc:subfield>
      <marc:subfield code="9">3-492-02485-8</marc:subfield>
    </marc:datafield>
    <marc:datafield tag="035" ind1=" " ind2=" ">
      <marc:subfield code="a">(DE-627)075354152</marc:subfield>
    </marc:datafield>
    <marc:datafield tag="035" ind1=" " ind2=" ">
      <marc:subfield code="a">(DE-599)GBV075354152</marc:subfield>
    </marc:datafield>
    <marc:datafield tag="035" ind1=" " ind2=" ">
      <marc:subfield code="a">(OCoLC)9541232</marc:subfield>
    </marc:datafield>
    <marc:datafield tag="040" ind1=" " ind2=" ">
      <marc:subfield code="a">DE-627</marc:subfield>
      <marc:subfield code="b">ger</marc:subfield>
      <marc:subfield code="c">DE-627</marc:subfield>
      <marc:subfield code="e">rakwb</marc:subfield>
    </marc:datafield>
    <marc:datafield tag="041" ind1=" " ind2=" ">
      <marc:subfield code="a">ger</marc:subfield>
    </marc:datafield>
    <marc:datafield tag="044" ind1=" " ind2=" ">
      <marc:subfield code="c">XA-DE</marc:subfield>
      <marc:subfield code="c">XA-CH</marc:subfield>
    </marc:datafield>
    <marc:datafield tag="084" ind1=" " ind2=" ">
      <marc:subfield code="a">74.21</marc:subfield>
      <marc:subfield code="2">bkl</marc:subfield>
    </marc:datafield>
    <marc:datafield tag="100" ind1="1" ind2=" ">
      <marc:subfield code="a">Dambmann, Gerhard</marc:subfield>
      <marc:subfield code="d">1927-2024</marc:subfield>
      <marc:subfield code="0">(DE-588)116019824</marc:subfield>
      <marc:subfield code="0">(DE-627)691690618</marc:subfield>
      <marc:subfield code="0">(DE-576)290148731</marc:subfield>
      <marc:subfield code="4">aut</marc:subfield>
    </marc:datafield>
    <marc:datafield tag="245" ind1="1" ind2="0">
      <marc:subfield code="a">25mal Japan</marc:subfield>
      <marc:subfield code="b">Weltmacht als Einzelgänger</marc:subfield>
      <marc:subfield code="c">Gerhard Dambmann</marc:subfield>
    </marc:datafield>
    <marc:datafield tag="246" ind1="3" ind2="0">
      <marc:subfield code="a">25-mal, fünfundzwanzig</marc:subfield>
    </marc:datafield>
    <marc:datafield tag="250" ind1=" " ind2=" ">
      <marc:subfield code="a">2. Aufl., 7. - 12. Tsd</marc:subfield>
    </marc:datafield>
    <marc:datafield tag="264" ind1=" " ind2="1">
      <marc:subfield code="a">München [u.a.]</marc:subfield>
      <marc:subfield code="b">Piper</marc:subfield>
      <marc:subfield code="c">1981</marc:subfield>
    </marc:datafield>
    <marc:datafield tag="300" ind1=" " ind2=" ">
      <marc:subfield code="a">337 S</marc:subfield>
      <marc:subfield code="b">Ill</marc:subfield>
    </marc:datafield>
    <marc:datafield tag="336" ind1=" " ind2=" ">
      <marc:subfield code="a">Text</marc:subfield>
      <marc:subfield code="b">txt</marc:subfield>
      <marc:subfield code="2">rdacontent</marc:subfield>
    </marc:datafield>
    <marc:datafield tag="337" ind1=" " ind2=" ">
      <marc:subfield code="a">ohne Hilfsmittel zu benutzen</marc:subfield>
      <marc:subfield code="b">n</marc:subfield>
      <marc:subfield code="2">rdamedia</marc:subfield>
    </marc:datafield>
    <marc:datafield tag="338" ind1=" " ind2=" ">
      <marc:subfield code="a">Band</marc:subfield>
      <marc:subfield code="b">nc</marc:subfield>
      <marc:subfield code="2">rdacarrier</marc:subfield>
    </marc:datafield>
    <marc:datafield tag="361" ind1="1" ind2=" ">
      <marc:subfield code="5">DE-18</marc:subfield>
      <marc:subfield code="y">4376472263</marc:subfield>
      <marc:subfield code="s">AE 1 A/816761</marc:subfield>
      <marc:subfield code="o">Vorbesitz</marc:subfield>
      <marc:subfield code="a">Dambmann, Gerhard</marc:subfield>
      <marc:subfield code="0">(DE-588)116019824</marc:subfield>
      <marc:subfield code="0">(DE-627)691690618</marc:subfield>
      <marc:subfield code="0">(DE-576)290148731</marc:subfield>
      <marc:subfield code="f">Widmung: Autor</marc:subfield>
    </marc:datafield>
    <marc:datafield tag="361" ind1="1" ind2=" ">
      <marc:subfield code="5">DE-18</marc:subfield>
      <marc:subfield code="y">4376472263</marc:subfield>
      <marc:subfield code="s">AE 1 A/816761</marc:subfield>
      <marc:subfield code="o">Vorbesitz</marc:subfield>
      <marc:subfield code="a">Scharlau, Winfried</marc:subfield>
      <marc:subfield code="0">(DE-588)120007215</marc:subfield>
      <marc:subfield code="0">(DE-627)080381545</marc:subfield>
      <marc:subfield code="0">(DE-576)291992544</marc:subfield>
      <marc:subfield code="f">Exemplar: Widmungsempfänger</marc:subfield>
    </marc:datafield>
    <marc:datafield tag="361" ind1="1" ind2=" ">
      <marc:subfield code="5">DE-18</marc:subfield>
      <marc:subfield code="y">4376472263</marc:subfield>
      <marc:subfield code="s">AE 1 A/816761</marc:subfield>
      <marc:subfield code="o">Vorbesitz</marc:subfield>
      <marc:subfield code="a">Scharlau, Christiane</marc:subfield>
      <marc:subfield code="f">Exemplar: Widmungsempfängerin</marc:subfield>
    </marc:datafield>
    <marc:datafield tag="361" ind1="1" ind2=" ">
      <marc:subfield code="5">DE-18</marc:subfield>
      <marc:subfield code="y">4376472263</marc:subfield>
      <marc:subfield code="s">AE 1 A/816761</marc:subfield>
      <marc:subfield code="o">Vorbesitz</marc:subfield>
      <marc:subfield code="a">NN</marc:subfield>
      <marc:subfield code="f">Merkzeichen</marc:subfield>
    </marc:datafield>
    <marc:datafield tag="490" ind1="0" ind2=" ">
      <marc:subfield code="a">Panoramen der Welt</marc:subfield>
    </marc:datafield>
    <marc:datafield tag="500" ind1=" " ind2=" ">
      <marc:subfield code="a">Literaturangaben</marc:subfield>
    </marc:datafield>
    <marc:datafield tag="520" ind1=" " ind2=" ">
      <marc:subfield code="a">Klappentext: Gerhard Dambmann, seit über zehn Jahren als Ostasien-Korrespondent des ZDF in Japan tätig, sucht in seinem Buch eine Erklärung dafür zu finden, wie und warum Japan, heute die drittgrößte Industrienatiton der Erde, in die Position des häufig mißverstandenen Außenseiters geraten konnte.</marc:subfield>
    </marc:datafield>
    <marc:datafield tag="583" ind1="1" ind2=" ">
      <marc:subfield code="a">Archivierung prüfen</marc:subfield>
      <marc:subfield code="c">20240324</marc:subfield>
      <marc:subfield code="f">DE-4165</marc:subfield>
      <marc:subfield code="z">2</marc:subfield>
      <marc:subfield code="2">pdager</marc:subfield>
    </marc:datafield>
    <marc:datafield tag="689" ind1="0" ind2="0">
      <marc:subfield code="D">g</marc:subfield>
      <marc:subfield code="0">(DE-588)4028495-5</marc:subfield>
      <marc:subfield code="0">(DE-627)104585102</marc:subfield>
      <marc:subfield code="0">(DE-576)208977503</marc:subfield>
      <marc:subfield code="a">Japan</marc:subfield>
      <marc:subfield code="2">gnd</marc:subfield>
    </marc:datafield>
    <marc:datafield tag="689" ind1="0" ind2="1">
      <marc:subfield code="D">s</marc:subfield>
      <marc:subfield code="0">(DE-588)4073972-7</marc:subfield>
      <marc:subfield code="0">(DE-627)104393955</marc:subfield>
      <marc:subfield code="0">(DE-576)209191996</marc:subfield>
      <marc:subfield code="a">Landeskunde</marc:subfield>
      <marc:subfield code="2">gnd</marc:subfield>
    </marc:datafield>
    <marc:datafield tag="689" ind1="0" ind2=" ">
      <marc:subfield code="5">(DE-627)</marc:subfield>
    </marc:datafield>
    <marc:datafield tag="924" ind1="0" ind2=" ">
      <marc:subfield code="a">4376472263</marc:subfield>
      <marc:subfield code="b">DE-18</marc:subfield>
      <marc:subfield code="9">18</marc:subfield>
      <marc:subfield code="c">GBV</marc:subfield>
      <marc:subfield code="d">d</marc:subfield>
      <marc:subfield code="g">AE 1 A/816761</marc:subfield>
      <marc:subfield code="g">A/816761</marc:subfield>
      <marc:subfield code="h">SUB-Hs</marc:subfield>
    </marc:datafield>
    <marc:datafield tag="924" ind1="0" ind2=" ">
      <marc:subfield code="a">034772251</marc:subfield>
      <marc:subfield code="b">DE-104</marc:subfield>
      <marc:subfield code="9">104</marc:subfield>
      <marc:subfield code="c">GBV</marc:subfield>
      <marc:subfield code="d">c</marc:subfield>
      <marc:subfield code="g">84 A 1147</marc:subfield>
    </marc:datafield>
    <marc:datafield tag="924" ind1="0" ind2=" ">
      <marc:subfield code="a">787951862</marc:subfield>
      <marc:subfield code="b">DE-715</marc:subfield>
      <marc:subfield code="9">715</marc:subfield>
      <marc:subfield code="c">GBV</marc:subfield>
      <marc:subfield code="d">c</marc:subfield>
      <marc:subfield code="g">ggr 685 AS 5551,2</marc:subfield>
    </marc:datafield>
    <marc:datafield tag="936" ind1="b" ind2="k">
      <marc:subfield code="a">74.21</marc:subfield>
      <marc:subfield code="j">Asien</marc:subfield>
      <marc:subfield code="x">Geographie</marc:subfield>
      <marc:subfield code="0">(DE-627)106411969</marc:subfield>
    </marc:datafield>
    <marc:datafield tag="951" ind1=" " ind2=" ">
      <marc:subfield code="a">BO</marc:subfield>
    </marc:datafield>
  </marc:record>
</marc:collection>
